000 01071nam a2200277 a 4500
001 79366
003 BD-RjUL
005 20220411103047.0
008 220214s2010eng |||a|||| m||| 00| 0 eng d
035 _a(BD-RjUL)79366
040 _aBD-RjUL
_beng
_cBD-RjUL
_dBD-RjUL
041 _aeng
082 _a324.25492
_bAZP 2010
_223
100 _aAzad, Mohammad Abul Kalam
_91295
245 _aPractice of Democracy in Political Parties :
_bSelected Cases of Bangladesh /
_cMohammad Abdul Kalam Azad ;
_6Sopervisor : M. Zainul Abedin
260 _aRajshahi :
_bInstitute of Bamgladesh Studies, University of Rajshahi,
_c2010
300 _axxix, 324 Leaves :
_bill. ;
_c29 cm.
502 _aThesis (Ph.D.) -- Institute of Bamgladesh Studies, University of Rajshahi, 2010
504 _aBibliography : Leaves [305]-319
600 _y
_92368
650 _aPolitical parties
_zBangladesh
_91296
650 _aPolitics, Practical.
_92369
651 _aBangladesh
_xPolitics and government
_92366
700 _aAbedin, M. Zainul, Sopervisor
_91297
942 _2ddc
_cTHE
999 _c79366
_d79366